Ohad Ḥiṭman

Saved in:
Bibliographic Details
Main Author: Ḥiṭman, Ohad.
Format: Audio
Language:Hebrew
Published: [Or Yehudah] : Anana, 2005.
Subjects:
Tags: Add Tag
No Tags, Be the first to tag this record!
LEADER 00582njm a22001937u 4500
001 009727995-1
005 20060912114548.0
008 880701s2005 is ||nn||||||||||| heb|d
028 0 2 |a 64563  |b Anana 
035 0 |a ocm62561631 
100 1 |a Ḥiṭman, Ohad. 
245 1 0 |a Ohad Ḥiṭman  |h [sound recording] /  |c Ohad Ḥiṭman. 
260 |a [Or Yehudah] :  |b Anana,  |c 2005. 
300 |a 1 sound disc :  |b digital, stereo. ;  |c 4 3/4 in. 
546 |a Words of songs in Hebrew printed on insert. 
650 0 |a Songs, Hebrew  |z Israel. 
655 7 |a Compact discs.  |2 lcsh 
988 |a 20050803 
906 |0 MH